| 000 | 00507nam a22001817a 4500 | ||
|---|---|---|---|
| 005 | 20230111113809.0 | ||
| 008 | 221221b |||||||| |||| 00| 0 eng d | ||
| 020 | _a818538656-0 | ||
| 041 | _aeng | ||
| 082 | _a615.8 FOR - F | ||
| 100 |
_aFORSTER , ANJELA AND PALASTANGA NIGEL _97435 |
||
| 245 | _aFORSTER & PALASTANGA CLAYTON 'S ELECTRO THEORY &PRACTICE | ||
| 250 | _a9th ed. | ||
| 260 |
_aDELHI _bAJ TBS PUBLISHERS & DISTRIBUTORS _c2006 |
||
| 300 | _a248;P. | ||
| 650 |
_aBPT _96963 |
||
| 942 | _cBK | ||
| 999 |
_c8177 _d8175 |
||